|
|
|
|
| LEADER |
00697nab a2200181 i 4500 |
| 001 |
acta36021 |
| 005 |
20210608133331.0 |
| 008 |
161017s1977 hu o 0|| hun d |
| 022 |
|
|
|a 0324-7260
|
| 040 |
|
|
|a SZTE Egyetemi Kiadványok Repozitórium
|b hun
|
| 041 |
|
|
|a hun
|
| 100 |
1 |
|
|a Ágoston György
|
| 245 |
1 |
0 |
|a Előszó
|h [elektronikus dokumentum] /
|c Ágoston György
|
| 260 |
|
|
|c 1977
|
| 300 |
|
|
|a 3-6
|
| 490 |
0 |
|
|a Acta Universitatis Szegediensis de Attila József nominatae : Sectio paedagogica et psychologica : series specifica paedagogica
|
| 695 |
|
|
|a Gimnáziumi képzés fakultáció értékelés
|
| 856 |
4 |
0 |
|u http://acta.bibl.u-szeged.hu/36021/1/specifica_001_1977_003-006.pdf
|z Dokumentum-elérés
|